| 000 -LEADER |
| fixed length control field |
01358nam a22002297a 4500 |
| 005 - DATE AND TIME OF LATEST TRANSACTION |
| control field |
20241120144758.0 |
| 008 - FIXED-LENGTH DATA ELEMENTS--GENERAL INFORMATION |
| fixed length control field |
240531b ||||| |||| 00| 0 eng d |
| 040 ## - CATALOGING SOURCE |
| Transcribing agency |
SSBUL |
| 041 ## - LANGUAGE CODE |
| Language code of text/sound track or separate title |
Myanmar |
| 082 ## - DEWEY DECIMAL CLASSIFICATION NUMBER |
| Edition number |
23 |
| Classification number |
၂၉၄.၃၇၅ အ |
| Item number |
၁၂၅၀၂ S-UOK |
| 100 0# - MAIN ENTRY--PERSONAL NAME |
| Personal name |
အရိယဓမ္မ၊ အရှင်။ |
| 9 (RLIN) |
30815 |
| 245 00 - TITLE STATEMENT |
| Title |
ဗုဒ္ဓဝါဒပြဿနာများ / |
| Statement of responsibility, etc. |
အရှင် အရိယဓမ္မ၊ မေးမြန်းသူ ဒေါက်တာအေအမ်ဘေကာ။ |
| 250 ## - EDITION STATEMENT |
| Edition statement |
ပဉ္စမအကြိမ်။ |
| 260 ## - PUBLICATION, DISTRIBUTION, ETC. |
| Place of publication, distribution, etc. |
ရန်ကုန် ၊ |
| Name of publisher, distributor, etc. |
ဝင်းမော်ဦးစာပေ၊ |
| Date of publication, distribution, etc. |
၁၉၇၄။ |
| 300 ## - PHYSICAL DESCRIPTION |
| Extent |
၂၀၀ စာမျက်နှာ ၊ |
| Dimensions |
၁၈ စင်တီ။ |
|
| Extent |
၂၀၆ စာမျက်နှာ ၊ |
| Dimensions |
၁၈ စင်တီ။ |
| 500 ## - GENERAL NOTE |
| General note |
S-UOK: U Ohn Kyaw<br/>S-SAT: Dr. Sai Aung Tun |
|
| General note |
အိန္ဒိယတရားဝန်ကြီးချုပ်ဟောင်း ဒေါက်တာအေအမ်ဘေကာ ကမေး၍ ဆရာတော်အရှင်အရိယဓမ္မ ကဖြေဆိုထားသည်။ |
| 650 ## - SUBJECT ADDED ENTRY--TOPICAL TERM |
| Topical term or geographic name entry element |
ဗုဒ္ဓဘာသာ |
| General subdivision |
အမေးအဖြေ |
| 700 0# - ADDED ENTRY--PERSONAL NAME |
| Personal name |
ဘေကာ၊ အေအမ်၊ ဒေါက်တာ- |
| 9 (RLIN) |
42456 |
| 942 ## - ADDED ENTRY ELEMENTS (KOHA) |
| Source of classification or shelving scheme |
|
| Koha item type |
Book (Short term) |